| 000 | 00558nam a2200205Ia 4500 | ||
|---|---|---|---|
| 003 | OSt | ||
| 005 | 20220928151807.0 | ||
| 006 | a|||||r|||| 00| 0 | ||
| 007 | ta | ||
| 008 | 220927b |||||||| |||| 00| 0 eng d | ||
| 024 | _a131537 | ||
| 037 | _cTextual | ||
| 040 |
_aSDCL _cSDCL _beng |
||
| 041 |
_2eng _aeng |
||
| 082 | _aNR237,N18, N0.1-N0.3 | ||
| 100 |
_aSingh Jaswant Ed. _9518283 |
||
| 245 | 0 | _aRajasthan ke rajwari geet (vol 1-vol 3) | |
| 942 |
_hNR237,N18, N0.1-N0.3 _cTEXL _2CC |
||
| 999 |
_c853108 _d853108 |
||